| 000 | 00444nam a2200157Ia 4500 | ||
|---|---|---|---|
| 003 | IN-BaIIA | ||
| 008 | 211028s9999 xx 000 0 eng d | ||
| 040 | _cIIA Library | ||
| 080 |
_a629.19 _bGOO |
||
| 100 |
_aGoodwin Leland Harold _93049 |
||
| 245 | 4 |
_aThe science book of space travel _cHarold Leland Goodwin |
|
| 260 |
_aNew York _bFranklin Watts _c1954 |
||
| 300 | _avi, 213p. | ||
| 650 | _aAstronomy and Astrophysics Thesaurus | ||
| 942 | _cBK | ||
| 999 |
_c1506 _d1506 |
||